Goethe the poet and the age Volume 2 Revolution and renunciation (1790-1803)

Bibliographic Details
Main Author: Boyle, Nicholas (Author)
Format: Book
Language:English
PhysicalDescription:xiv, 949 s. 24 cm
Published: Oxford Clarendon Press 2000
ISBN:0198158696
Subjects:

MARC

LEADER 00000nam a2200000 a 4500
001 vtls001405542
003 SK-MaSNL
005 20260301161959.0
008 251124s2000 US rb 0 eng
020 |a 0198158696  |c 2558,00 
035 |a SNK000360162 
040 |a SNK  |b slo  |c SNK  |e AACR2 
044 |a US 
080 |a 830-94  |2 1981 
080 |a 929 Goethe, J.W.  |2 1981 
080 |a 830(091) Goethe, J.W.."1790/1803"  |2 1981 
100 1 |a Boyle, Nicholas  |4 aut  |9 525777 
245 1 |a Goethe  |b the poet and the age  |n Volume 2  |p Revolution and renunciation (1790-1803)  |c Nicholas Boyle 
260 |a Oxford  |b Clarendon Press  |c 2000 
300 |a xiv, 949 s.  |c 24 cm 
600 1 |a Goethe, Johann Wolfgang von,  |d 1749-1832  |2 SNK  |9 104510 
919 |a 0-19-815869-6 
999 |c 811560  |d 813490 
952 |t P60, <04>, [BOOK], {604}  |a SNK  |b SNK  |y VYP  |7 0  |p 17A0260360  |o snkIC 129120/2  |i snkZK 2113/2000  |g 84.91  |0 0  |1 0  |4 0  |d 2001-01-24  |l 0  |r 2005-01-02 00:00:00  |w 2026-02-24